Transfery Piasta w letnim okienku transferowym 2020/21. - Statystyki

Ogólne statystyki
  • Ten quiz został rozwiązany 15 razy
  • Średni wynik to 5 z 7
Statystyki odpowiedzi
Cena Pozycja Poprzedni klub Piłkarz % Poprawnych
150 tys Ofensywny pomocnik Lechia Gdańsk Lipski
93%
Wypożyczenie Środkowy napastnik Ludogorets Razgrad Świerczok
93%
Za darmo Bramkarz Lech Poznań Szymański
71%
Za darmo Środkowy pomocnik Atletico Madryt U19 Hyjek
64%
- Środkowy pomocnik Śląsk Wrocław Chrapek
57%
Za darmo Prawy napastnik Znicz Pruszków Pyrka
50%
Za darmo Środkowy napastnik Korona Kielce Żyro
43%
Nie znaleziono quizów pasujących do podanych kryteriów
Rozkład punktacji
Procent ludzi z każdym wynikiem
Percentyl według liczby udzielonych odpowiedzi
Twoja historia wyników
Nie rozwiązałeś tego quizu